00462 a2200145 4500020001500000040001300015100002300028245007400051260005400125300003700179650002500216650003500241700001900276700002100295 a0201844524 aDLCbDLC1 aChaudhri, Akmal B.10aXML data management cAkmal B. Chaudhri, Awais Rashid, Roberto Zicari aBoston, MA :bAddison Wesley Professional,c2003. axxxvi, 641 p. :bill. ;c24 cm. 0aDatabase management. 0aXML (Document markup language)1 aRashid, Awais.1 aZicari, Roberto.